00703nam a2200157Ia 4500008004100000020001800041050002300059100002200082245019600104250001900300260003700319300002200356500011500378650001600493700003600509120626s2008 m 000 0 s d a9789701066683 aHF5821bA7418 2008 aArens, William F. aPublicidadc / William F. Arens, Michael F. Weigold, Christian Arens ; revisión técnica, Ivonne Raso Arcaute, Jean Domette N. ; traductores Claudia Cabrera y Jorge A. Velázquez Arellano a11a. edición aMéxicob : McGraw Hillc, 2008 axI, 714 páginas a"25 ed. de aniversario."--Cubierta Traducción de: Contemporany advertising, 11th ed. Incluye índice.  0aPUBLICIDAD 1 aWeigold, Michael F. e , autor